000 01264naa a22003137a 4500
001 BR9102794
003 BR-BrBNA
005 20250721155411.0
007 ta
008 250630b bl.|||m| |||| 00| 0 por d
040 _aBR-BrBNA
_bpor
_cBiblioteca Nacional de Agricultura
041 _a(Pt)
072 _aF06
_b1410
_bG514
090 _aF06 BR9102794
100 1 _aSilveira, J.S.M.
100 1 _aCaetano, L.F.
100 1 _aFerrao, M.A.G.
111 1 _a1. Reuniao sobre Feijao Irrigado (GO,DF,MG,ES,SP,RJ)
_cGoiania, GO (Brazil)
_d22-25 Nov 1988
245 1 _aEspacamento e densidade de plantio na cultura de feijao (Phaseolus vulgaris L.), em condicoes irrigadas no estado do Espirito Santo
500 _aAnais da 1. Reuniao sobre Feijao Irrigado (GO,DF,MG,ES,SP,RJ) Goiania, GO (Brasil): 1990. p. 165-167 (BR9102794-AMS)
773 0 _tAnais da 1. Reuniao sobre Feijao Irrigado (GO,DF,MG,ES,SP,RJ)
_wF06 BR9102794
_gGoiania, GO (Brasil), 1990. p. 165-167
650 _aFEIJAO
650 _aCULTURA IRRIGADA
650 _aDENSIDADE DE PLANTIO
650 _aESPIRITO SANTO
490 _aDocumentos - Centro Nacional de Pesquisa em Arroz e Feijao (Brazil)
_vNo. 27
_xISSN 0101-9716
942 _cAMS
_2AGRIS
909 _a202506
_bLúcia
_c55
_dLúcia Elande
999 _c336286
_d336286